| 000 -LEADER |
| fixed length control field |
01504cam a22003978a 4500 |
| 001 - CONTROL NUMBER |
| control field |
14715264 |
| 003 - CONTROL NUMBER IDENTIFIER |
| control field |
1905209290 |
| 005 - DATE AND TIME OF LATEST TRANSACTION |
| control field |
20211102111337.0 |
| 008 - FIXED-LENGTH DATA ELEMENTS--GENERAL INFORMATION |
| fixed length control field |
070129s2006 enk b 001 0 eng |
| 010 ## - LIBRARY OF CONGRESS CONTROL NUMBER |
| LC control number |
2007003333 |
| 020 ## - INTERNATIONAL STANDARD BOOK NUMBER |
| International Standard Book Number |
1905209290 |
| 038 ## - RECORD CONTENT LICENSOR |
| Staff Name |
khadija |
| 040 ## - CATALOGING SOURCE |
| Original cataloging agency |
DLC |
| Transcribing agency |
DLC |
| Modifying agency |
DLC |
| 041 1# - LANGUAGE CODE |
| Language code of text/sound track or separate title |
eng |
| Language code of original |
fre |
| 050 00 - LIBRARY OF CONGRESS CALL NUMBER |
| Classification number |
TJ1058 |
| Item number |
K79 2006 |
| 082 00 - DEWEY DECIMAL CLASSIFICATION NUMBER |
| Classification number |
621.811 |
| Edition number |
22 |
| Author Mark |
KRY |
| 100 1# - MAIN ENTRY--PERSONAL NAME |
| Personal name |
Krysinski, Tomasz. |
| 9 (RLIN) |
35954 |
| 240 10 - UNIFORM TITLE |
| Uniform title |
Origine et controle des vibrations mechaniques. |
| Language of a work |
English |
| 245 10 - TITLE STATEMENT |
| Title |
Mechanical Vibrations : |
| Remainder of title |
Active and Passive Control / |
| Statement of responsibility, etc. |
Tomasz Krysinski, François Malburet. |
| 260 ## - PUBLICATION, DISTRIBUTION, ETC. |
| Place of publication, distribution, etc. |
London ; |
| -- |
Newport Beach, CA : |
| Name of publisher, distributor, etc. |
ISTE, |
| Date of publication, distribution, etc. |
c2006. |
| 263 ## - PROJECTED PUBLICATION DATE |
| Projected publication date |
0702 |
| 300 ## - PHYSICAL DESCRIPTION |
| Extent |
p. cm. |
| 500 ## - GENERAL NOTE |
| General note |
Hardcover. |
| 504 ## - BIBLIOGRAPHY, ETC. NOTE |
| Bibliography, etc. note |
Includes bibliographical references and index. |
| 563 ## - BINDING INFORMATION |
| Binding note |
Hardcover |
| 650 #0 - SUBJECT ADDED ENTRY--TOPICAL TERM |
| Topical term or geographic name entry element |
Rotors |
| General subdivision |
Vibration. |
| 9 (RLIN) |
35955 |
| 650 #0 - SUBJECT ADDED ENTRY--TOPICAL TERM |
| Topical term or geographic name entry element |
Damping (Mechanics) |
| 9 (RLIN) |
24642 |
| 650 #0 - SUBJECT ADDED ENTRY--TOPICAL TERM |
| Topical term or geographic name entry element |
Structural control (Engineering) |
| 9 (RLIN) |
35956 |
| 700 1# - ADDED ENTRY--PERSONAL NAME |
| Personal name |
Malburet, François. |
| 9 (RLIN) |
35957 |
| 856 41 - ELECTRONIC LOCATION AND ACCESS |
| Materials specified |
Table of contents only |
| Uniform Resource Identifier |
<a href="http://www.loc.gov/catdir/toc/ecip079/2007003333.html">http://www.loc.gov/catdir/toc/ecip079/2007003333.html</a> |
| 856 42 - ELECTRONIC LOCATION AND ACCESS |
| Materials specified |
Contributor biographical information |
| Uniform Resource Identifier |
<a href="http://www.loc.gov/catdir/enhancements/fy0806/2007003333-b.html">http://www.loc.gov/catdir/enhancements/fy0806/2007003333-b.html</a> |
| 856 42 - ELECTRONIC LOCATION AND ACCESS |
| Materials specified |
Publisher description |
| Uniform Resource Identifier |
<a href="http://www.loc.gov/catdir/enhancements/fy0806/2007003333-d.html">http://www.loc.gov/catdir/enhancements/fy0806/2007003333-d.html</a> |
| 906 ## - LOCAL DATA ELEMENT F, LDF (RLIN) |
| a |
7 |
| b |
rix |
| c |
orignew |
| d |
1 |
| e |
ecip |
| f |
20 |
| g |
y-gencatlg |
| 942 ## - ADDED ENTRY ELEMENTS (KOHA) |
| Source of classification or shelving scheme |
|
| Koha item type |
Book |
| Classification part |
621.811 |